000 00877cam a2200241 a 4500
001 000013025
005 20200929163127.0
008 930430s1989 cu 001 0 spa
040 _aDO-SdBNP
_bspa
_cDLC
_dBNPHU
082 _a342.7291
_bG216c
100 1 _aGarcía Hernández, Gilberto E.,
_d1926-
_930072
245 1 0 _aConstitución deberes y derechos /
_cGilberto E. García Hernández; edición René Llinás Quintáns.
260 _aLa Habana, Cuba :
_bEditorial Ciencias Sociales,
_c1989.
300 _a188 p. ;
_c18 cm.
490 1 _aJurídica
504 _aIncluye referencias bibliográficas (p. 184-188).
650 4 _aReformas constitucionales
_zCuba
_912491
650 4 _aDerechos civiles
_zCuba
_930073
650 4 _aDerecho constitucional
_zCuba
_930074
830 0 _aJurídica ;
_930075
910 _aCatalogación por copia / LC
999 _a1
_n0000072
_c12671
_d12671
049 _aBNGR